| 000 | 00388nam a2200169Ia 4500 | ||
|---|---|---|---|
| 100 | _aPadhy/N.P | ||
| 650 | _aAI | ||
| 942 | _cBK | ||
| 366 | _f25 | ||
| 654 | _aartificial intelligence | ||
| 245 | _aArtificial intelligence and intelligent system | ||
| 260 |
_bOxford university press _c2005 |
||
| 082 |
_a6.3 _bPAD |
||
| 300 | _a614 | ||
| 546 |
_aENGLISH _celectronics |
||
| 999 |
_c33588 _d33588 |
||